000 00550nam a2200229Ia 4500
003 OSt
005 20221005130558.0
006 a|||||r|||| 00| 0
007 ta
008 221004b |||||||| |||| 00| 0 eng d
024 _a49594
037 _cTextual
040 _aCRL
_cCRL
_beng
041 _2eng
_aeng
082 _aP1511:301, H0
100 _aKatre S M
245 0 _aRoots of Pali Dhatupathas
260 _c1940
650 _aLINGUISTICS
942 _hP1511:301, H0
_cTEXL
_2cc
999 _c1057695
_d1057695